Ritratti nel tempo : interviste, 1934-1974 /

Bibliographic Details
Other Authors: Colli, Giorgina (Editor)
Format: Book
Language:Italian
French
German
Spanish
Language Notes:Interviews in Italian, French, German and Spanish with Italian translation; introduction in Italian.
Published: Roma : Firenze : Edizioni di storia e letteratura ; Università degli studi di Firenze, 2014.
Edition:Prima edizione.
Series:Carte Palazzeschi.
Subjects:

MARC

Tag First Indicator Second Indicator Subfields
LEADER 00000cam a2200000 i 4500
001 in00003521990
005 20151206123127.0
008 140730s2014 it a b 001 0dita d
020 |a 9788863725940 
020 |a 8863725942 
035 |a (OCoLC)ocn889717147 
040 |a C3L  |e rda  |c C3L  |d PIT  |d TXA  |d UtOrBLW 
041 1 |a ita  |a fre  |a ger  |a spa  |h fre  |h ger  |h spa 
049 |a TXAM 
082 0 |a 853  |2 14 
090 |a PQ4835.A18  |b Z46 2014 
100 1 |a Palazzeschi, Aldo,  |d 1885-1974,  |e interviewee. 
245 1 0 |a Ritratti nel tempo :  |b interviste, 1934-1974 /  |c Aldo Palazzeschi ; a cura di Giorgiana Colli. 
250 |a Prima edizione. 
264 1 |a Roma :  |b Edizioni di storia e letteratura ;  |a Firenze :  |b Università degli studi di Firenze,  |c 2014. 
300 |a lxxv, 562 pages :  |b illustrations ;  |c 24 cm. 
336 |a text  |b txt  |2 rdacontent 
337 |a unmediated  |b n  |2 rdamedia 
338 |a volume  |b nc  |2 rdacarrier 
490 1 |a Carte Palazzeschi 
546 |a Interviews in Italian, French, German and Spanish with Italian translation; introduction in Italian. 
504 |a Includes bibliographical references (pages [lxv]-lxxv) and indexes. 
600 1 0 |a Palazzeschi, Aldo,  |d 1885-1974  |v Interviews. 
700 1 |a Colli, Giorgina,  |e editor. 
830 0 |a Carte Palazzeschi. 
948 |a cataloged  |b h  |c 2014/10/7  |d c  |e dmitchel  |f 9:30:20 am 
994 |a C0  |b TXA 
999 |a MARS 
999 f f |s bcae3ffc-235b-3b69-9281-5715ec28dbc4  |i c0e83f44-b7ec-34e9-8759-1384ca02e8a0  |t 0 
952 f f |p normal  |a Texas A&M University  |b College Station  |c Sterling C. Evans Library  |d Evans: Library Stacks  |t 0  |e PQ4835.A18 Z46 2014  |h Library of Congress classification  |i unmediated -- volume  |m A14842804941 
998 f f |a PQ4835.A18 Z46 2014  |t 0  |l Evans: Library Stacks